Social value in construction (Record no. 121214)

MARC details
000 -LEADER
fixed length control field 01193nam a22002777a 4500
001 - CONTROL NUMBER
control field K121214
008 - FIXED-LENGTH DATA ELEMENTS--GENERAL INFORMATION
fixed length control field 160218b2019 xxu||||| |||| 00| 0 eng d
020 ## - INTERNATIONAL STANDARD BOOK NUMBER
ISBN 9781138295100
041 ## - LANGUAGE CODE
Language code of text/sound track or separate title eng
050 ## - Library of Congress Classification
Class mark 338.47624
100 ## - MAIN ENTRY--PERSONAL NAME
Personal author Raiden, Ani
245 ## - TITLE STATEMENT
Title Social value in construction
260 ## - PUBLICATION INFORMATION
Place of publication Abingdon
Publisher Routledge
Date 2019
300 ## - PHYSICAL DESCRIPTION
Physical description 218p
520 ## - ABSTRACT
Abstract Discusses the concept of social value through the construction project lifecycle from the design stage, construction to operational and facilities management. Explains the UK legislative framework for social value in the sector. Considers its theoretical justification including morality, utilitarianism, Kantian ethics and existentialism. Looks at how employers can help promote social value within the workplace. Case studies illustrate how social value can be demonstrated within different organisations and situations.<br/>
600 ## - SUBJECT ADDED ENTRY--PERSONAL NAME
Personal name Knight, Andrew
650 ## - KEYWORDS
Keywords Social value
650 ## - KEYWORDS
Keywords Placing making
650 ## - KEYWORDS
Keywords Life cycle
651 ## - SUBJECT ADDED ENTRY--GEOGRAPHIC NAME
Geographic name United Kingdom 1973
690 ## - BROAD SUBJECT
9 (RLIN) 6230
Broad subject Construction management
700 ## - ADDED PERSONAL NAME
Added personal author Loosemore, Martin
700 ## - ADDED PERSONAL NAME
Added personal author King, Andrew
700 ## - ADDED PERSONAL NAME
Added personal author Gorse, Chris
942 ## - ADDED ENTRY ELEMENTS (KOHA)
Suppress in OPAC Do not suppress in OPAC
Holdings
Lost status Damaged status Not for loan Home library Current library Shelving location Date acquired Total Checkouts Date last seen Price effective from Koha item type
      London London Books 25/02/2020   25/02/2020 25/02/2020 Book